| 000 | 00468nam a2200145Ia 4500 | ||
|---|---|---|---|
| 008 | 130318s9999 xx 000 0 und d | ||
| 020 | _a195099710 | ||
| 082 | _a006.3 BAC/E | ||
| 100 | _aBack, Thomas | ||
| 245 | _aEvolutionary algorithms in theory and practice:Evolutionary strategies evolutionary programming genetic algorithms | ||
| 260 |
_bOxford University Press _aNew York _c1996 |
||
| 300 | _a314 | ||
| 650 | _aGENETIC ALGORITHMS | ||
| 650 | _aMATHEMATICAL MODELS | ||
| 999 |
_c2383 _d2383 |
||